00974cam a22002535a 4500999001700000005001700017008004100034020001800075040003800093082002000131245008300151250001200234260003900246300004500285500006400330504005200394650004400446650003500490651001000525653001400535700002100549942000800570952014200578 c27350d2732120201203144019.0180725t2019 paua frb 001 0 eng d a9780323552257 aDLCbengcDLCdEG-ScBUEdEG-ScBUE04a617.63bCOL22210aColor atlas of oral and maxillofacial diseases /cBrad W. Neville... [et al.]. a1st ed. aPhiladelphia :bElsevier,cc.2019. aix, 534 p. :bill. (some col.) ;c28 cm. aInclude Digital version "using access code inside the book" aIncludes bibliographical references and index.  7aMouthxDiseasesvAtlases.2BUEsh937686 7aJawxDiseasesvAtlases.2BUEsh 2BUEsh cApril20191 aNeville, Brad W. 2ddc 00102ddc40708AlahramaMAINbMAINc1STd2019-04-07ePurchaseg2685.00h590l0o617.63 COLp000043319r2025-07-15 00:00:00v3356.25yBB